000 00525cam a2200193ua 4500
020 _a81 203 0695 3
_c125.00
041 _aeng
_h
082 _a511.322
_bKLI/FU
100 _aKcir, George J .
245 _aFuzzy sets, uncertainity and information /
_cGeorge J Kcir.
_hTextual Documents
250 _a1 /
_b.
260 _aNew Delhi :
_bPrentice Hall of India Pvt Ltd. ,
_c2001.
300 _a355 ; .
365 _a125.00
504 _a
700 1 _aFolger, Tina A .
942 _cBK
999 _c9622
_d9622